| 000 | 00814nam a22001937a 4500 | ||
|---|---|---|---|
| 999 |
_c16600 _d16600 |
||
| 003 | AR-CdUCM | ||
| 008 | 190503b ||||| |||| 00| 0 spa d | ||
| 040 |
_aMUNICIPALIDAD PROVINCIAL DEL CUSCO _cBIBLIOTECA MUNICIPAL DEL CUSCO |
||
| 082 |
_a591.5 / _bB49 |
||
| 100 |
_aBerger, Arthur _936132 |
||
| 245 |
_aEl reino de los animales : _bEl animal en su medio ambiente / |
||
| 260 |
_aMadrid : _bEspasa-Calpe, _c1962. |
||
| 300 |
_atomos ; _bIlustraciones, _c24 cm. |
||
| 505 | _aContenido : t.1 Los animales acuáticos y de las regiones polares -- La fauna de los arroyos, ríos y torrentes -- Los seres vivos mas sencillos.Ameba -- Un artista de la regeneración. Pólipo de agua dulce ... | ||
| 650 |
_aEcología animal _923329 |
||
| 650 |
_aZoología _918986 |
||
| 942 |
_2ddc _cLIBROS |
||
| 945 |
_arjall _d2019-05-03 |
||